| 000 | 00980nam a2200241 a 4500 | ||
|---|---|---|---|
| 005 | 20210323091425.0 | ||
| 008 | 120830s2016 sp |||gr|||| 00| 0 spa d | ||
| 020 | _a9788423424900 | ||
| 040 |
_aCO-BoUCM _bspa _cDeissy Garcia _dDeissy Garcia |
||
| 041 | 1 |
_aspa _heng |
|
| 100 | 1 |
_aBrooks, John _9102254 |
|
| 245 | 1 | 0 |
_aAventuras empresariales _bdoce cuentos clásicos sobre Wall Street _cJohn Brooks ; traducción Iván Barbeitos García |
| 260 |
_aBarcelona _bDeusto _c2016 |
||
| 300 | _a476 páginas | ||
| 504 | _aIncluye referencias bibliográficas | ||
| 650 | 7 |
_aEmpresarios _vEstudio de casos _zEstados Unidos _9102850 |
|
| 650 | 7 |
_aÉxito en los negocios _vEstudio de casos _zEstados Unidos _9102851 |
|
| 650 | 7 |
_aFinanzas _vEstudio de casos _zEstados Unidos _9102852 |
|
| 650 | 7 |
_aBolsa de valores _zEstados Unidos _9102853 |
|
| 700 | 1 |
_9101656 _aBarbeitos García, Iván _etraductor |
|
| 942 |
_cLIBRO _2DEWEY _a16 _e1 _h650.1 _mB873a _n0 |
||
| 999 |
_c318517 _d318517 |
||